Central Library OPAC University of Rajshahi

এপার বাংলা ওপার বাংলা / (Record no. 74179)

MARC details
000 -LEADER
fixed length control field 00822nam a2200241 a 4500
001 - CONTROL NUMBER
control field 74179
003 - CONTROL NUMBER IDENTIFIER
rucl marc code BD-RjUL
005 - DATE AND TIME OF LATEST TRANSACTION
control field 20211209082516.0
008 - FIXED-LENGTH DATA ELEMENTS--GENERAL INFORMATION
fixed length control field 180314t20101970bg ||||| |||| 000 1 ben d
020 ## - INTERNATIONAL STANDARD BOOK NUMBER
International Standard Book Number 9789845060585
Terms of availability Tk. 280.00
035 ## - SYSTEM CONTROL NUMBER
System control number (BD-RjUL)74397
040 ## - CATALOGING SOURCE
Original cataloging agency BD-RjUL
Language of cataloging eng
Transcribing agency BD-RjUL
041 ## - LANGUAGE CODE
Language code of text/sound track or separate title ben
082 ## - DEWEY DECIMAL CLASSIFICATION NUMBER
Edition number 23
Classification number 891.443
Author mark and year SAF 2010
100 1# - MAIN ENTRY--PERSONAL NAME
Personal name শংকর
9 (RLIN) 220596
245 10 - TITLE STATEMENT
Title এপার বাংলা ওপার বাংলা /
Statement of responsibility, etc. শংকর
250 ## - EDITION STATEMENT
Edition statement ইউ পি এল সংস্করণ
260 ## - PUBLICATION, DISTRIBUTION, ETC. (IMPRINT)
Place of publication, distribution, etc. ঢাকা :
Name of publisher, distributor, etc. দি ইউনিভার্সিটি প্রেস ,
Date of publication, distribution, etc. ২০১০
300 ## - PHYSICAL DESCRIPTION
Pagination ২১৩ পৃ. ;
Size ২২ সেমি.
650 ## - SUBJECT ADDED ENTRY--TOPICAL TERM
Topical term or geographic name as entry element বাংলা উপন্যাস
9 (RLIN) 220597
Topical term or geographic name as entry element Bengali Fiction
9 (RLIN) 220598
942 ## - ADDED ENTRY ELEMENTS (KOHA)
Source of classification or shelving scheme Dewey Decimal Classification
Koha item type Books
Holdings
Lost status Source of classification or shelving scheme Damaged status Not for loan Collection code Permanent Location Current Location Shelving location Date acquired Source of acquisition Cost, normal purchase price Total Checkouts Full call number Date last seen Copy number Koha item type Date checked out
  Dewey Decimal Classification   Not For Loan Fiction Central Library, University of Rajshahi Central Library, University of Rajshahi Reading Room 30/03/2017 Rajshahi Vidyasagar 280.00   B 891.443 SAE 2010 14/03/2018 C-1 Books  
  Dewey Decimal Classification     Fiction Central Library, University of Rajshahi Central Library, University of Rajshahi   30/03/2017 Rajshahi Vidyasagar 280.00 2 B 891.443 SAE 2010 19/11/2023 C-2 Books 08/11/2023
  Dewey Decimal Classification     Fiction Central Library, University of Rajshahi Central Library, University of Rajshahi   30/03/2017 Rajshahi Vidyasagar 280.00 4 B 891.443 SAE 2010 27/02/2023 C-3 Books 14/02/2023